Der transgressive Charakter der Pornografie : Philosophische und feministische Positionen.

Bibliographic Details
Main Author: Schocher, Nathan.
Format: eBook
Language:German
Published: Bielefeld : transcript, 2021.
Edition:1st ed.
Series:Edition Moderne Postmoderne
Subjects:
Online Access:Click to View
LEADER 01530nam a22003733i 4500
001 EBC6765780
003 MiAaPQ
005 20231204023219.0
006 m o d |
007 cr cnu||||||||
008 231204s2021 xx o ||||0 ger d
020 |a 9783839454671  |q (electronic bk.) 
020 |z 9783732854677 
035 |a (MiAaPQ)EBC6765780 
035 |a (Au-PeEL)EBL6765780 
035 |a (OCoLC)1248760072 
040 |a MiAaPQ  |b eng  |e rda  |e pn  |c MiAaPQ  |d MiAaPQ 
100 1 |a Schocher, Nathan. 
245 1 4 |a Der transgressive Charakter der Pornografie :  |b Philosophische und feministische Positionen. 
250 |a 1st ed. 
264 1 |a Bielefeld :  |b transcript,  |c 2021. 
264 4 |c Ã2021. 
300 |a 1 online resource (238 pages) 
336 |a text  |b txt  |2 rdacontent 
337 |a computer  |b c  |2 rdamedia 
338 |a online resource  |b cr  |2 rdacarrier 
490 1 |a Edition Moderne Postmoderne 
588 |a Description based on publisher supplied metadata and other sources. 
590 |a Electronic reproduction. Ann Arbor, Michigan : ProQuest Ebook Central, 2023. Available via World Wide Web. Access may be limited to ProQuest Ebook Central affiliated libraries.  
655 4 |a Electronic books. 
776 0 8 |i Print version:  |a Schocher, Nathan  |t Der transgressive Charakter der Pornografie  |d Bielefeld : transcript,c2021  |z 9783732854677 
797 2 |a ProQuest (Firm) 
830 0 |a Edition Moderne Postmoderne 
856 4 0 |u https://ebookcentral.proquest.com/lib/matrademy/detail.action?docID=6765780  |z Click to View